[Event "FRA-chT2 South 0809"]
[Site "France"]
[Date "2009.04.04"]
[Round "10.8"]
[White "Hausard, Hilda"]
[Black "Cwiek, Perrine"]
[Result "0-1"]
[WhiteElo "1882"]
[BlackElo "1790"]
[PlyCount "42"]
[EventDate "2008.10.12"]
[EventType "team-tourn"]
[EventRounds "11"]
[EventCountry "FRA"]
[SourceTitle "EXT 2010"]
[Source "ChessBase"]
[SourceDate "2010.11.25"]
[SourceVersion "1"]
[SourceVersionDate "2010.11.25"]
[SourceQuality "1"]
[WhiteTeam "Vitrolles"]
[BlackTeam "Condom"]
[WhiteTeamCountry "FRA"]
[BlackTeamCountry "FRA"]

1. e4 e5 2. Nf3 Nc6 3. d4 exd4 4. Nxd4 Bc5 5. Be3 Qf6 6. c3 Nge7 7. g3 0-0 8. Bg2 d6 9. 0-0 Bd7 10. Nxc6 Bxc6 11. Bxc5 dxc5 12. Qh5 b6 13. Nd2 Rad8 14. Rad1 Qe6 15. a3 Ba4 16. Bh3 Bxd1 17. Rxd1 Qg6 18. Qh4 Rfe8 19. Qf4 Qd6 20. e5 Qg6 21. Qf3 Qh6 0-1

[Event "Ouest Toulousain op-A 4th"]
[Site "Tournefeuille"]
[Date "2009.02.20"]
[Round "7"]
[White "Humeau, Cyril"]
[Black "Cwiek, Perrine"]
[Result "1-0"]
[WhiteElo "2203"]
[BlackElo "1753"]
[PlyCount "111"]
[EventDate "2009.02.16"]
[EventType "swiss"]
[EventRounds "9"]
[EventCountry "FRA"]
[SourceTitle "CBM 128 Extra"]
[Source "ChessBase"]
[SourceDate "2009.03.05"]
[SourceVersion "2"]
[SourceVersionDate "2009.03.25"]
[SourceQuality "1"]

1. e4 e5 2. d4 exd4 3. Qxd4 Nc6 4. Qe3 Nf6 5. Nc3 Be7 6. Bd2 0-0 7. 0-0-0 d6 8. Qg3 Re8 9. f3 Bf8 10. h4 Ne5 11. h5 Qe7 12. h6 Ng6 13. Bg5 c6 14. hxg7 Bxg7 15. Qxd6 Qxd6 16. Rxd6 Nd7 17. Nh3 Nde5 18. Nf4 Nxf4 19. Bxf4 Be6 20. Be2 Ng6 21. Bg3 Bxc3 22. bxc3 Bxa2 23. c4 b5 24. Rxc6 Bxc4 25. Bxc4 bxc4 26. Rxc4 Re7 27. Rh5 Rb7 28. Rhc5 Kg7 29. Ra4 Ne7 30. Rg5+ Ng6 31. Rga5 Ne7 32. Ra6 Nc8 33. R4a5 Rb6 34. Rxb6 Nxb6 35. Bf2 Nc8 36. Bd4+ Kf8 37. Kd2 Kg8 38. Bc5 Kg7 39. g4 a6 40. f4 Kf6 41. Bd4+ Ke6 42. Rh5 Nd6 43. Kd3 Rd8 44. Rh6+ Kd7 45. Rxh7 Ke8 46. e5 Nb5 47. Rh8+ Kd7 48. Rxd8+ Kxd8 49. Bb6+ Kd7 50. c4 Nc7 51. Bxc7 Kxc7 52. g5 Kd7 53. f5 a5 54. g6 fxg6 55. fxg6 Ke7 56. c5 1-0

[Event "FRA-ch U20 Girls"]
[Site "La Roche sur Yon"]
[Date "2008.04.25"]
[Round "6"]
[White "Belloc, Sidonie"]
[Black "Cwiek, Perrine"]
[Result "1-0"]
[WhiteElo "1789"]
[BlackElo "1730"]
[PlyCount "69"]
[EventDate "2008.04.21"]
[EventType "tourn"]
[EventRounds "9"]
[EventCountry "FRA"]
[SourceTitle "EXT 2010"]
[Source "ChessBase"]
[SourceDate "2010.11.25"]
[SourceVersion "1"]
[SourceVersionDate "2010.11.25"]
[SourceQuality "1"]

1. e4 e5 2. Nf3 Nc6 3. d4 exd4 4. Nxd4 Bc5 5. Be3 Qf6 6. c3 Nge7 7. Bc4 b6 8. 0-0 Bb7 9. Nb5 0-0-0 10. Bxc5 bxc5 11. Qa4 Kb8 12. Nd2 Nc8 13. Qc2 Nb6 14. b4 Ne5 15. Be2 d6 16. a4 Nbd7 17. Rab1 h5 18. a5 a6 19. Na3 g5 20. b5 Ka7 21. bxa6 Bxa6 22. Bxa6 Kxa6 23. Nb5 Rc8 24. Qb3 Qd8 25. Nc4 Rb8 26. Nxe5 Nxe5 27. Qa4 Qd7 28. c4 f6 29. Qc2 Nxc4 30. Nxc7+ Qxc7 31. Qxc4+ Ka7 32. Rb6 Ka8 33. Ra6+ Kb7 34. Rb1+ Kc8 35. Qe6+ 1-0

[Event "FRA-chT2 South 0708"]
[Site "France"]
[Date "2008.04.05"]
[Round "10.8"]
[White "Cwiek, Perrine"]
[Black "Monteil, Aurelie"]
[Result "1-0"]
[WhiteElo "1730"]
[BlackElo "1690"]
[PlyCount "35"]
[EventDate "2007.10.21"]
[EventType "team"]
[EventRounds "11"]
[EventCountry "FRA"]
[SourceTitle "EXT 2009"]
[Source "ChessBase"]
[SourceDate "2008.11.26"]
[SourceVersion "1"]
[SourceVersionDate "2008.11.26"]
[SourceQuality "1"]
[WhiteTeam "Tournefeuille"]
[BlackTeam "Vitrolles"]
[WhiteTeamCountry "FRA"]
[BlackTeamCountry "FRA"]

1. e4 e5 2. Nf3 Nc6 3. Bb5 Nf6 4. 0-0 d6 5. Re1 Be7 6. h3 0-0 7. c3 a6 8. Ba4 b5 9. Bc2 Nd7 10. d4 Nb6 11. Nbd2 f5 12. dxe5 fxe4 13. Bxe4 d5 14. Bd3 Nc4 15. Qc2 Nxd2 16. Bxh7+ Kh8 17. Bxd2 Bxh3 18. Qd3 1-0

[Event "FRA-chT2 South 0708"]
[Site "France"]
[Date "2007.11.25"]
[Round "3.8"]
[White "Lebel Arias, Julia"]
[Black "Cwiek, Perrine"]
[Result "1-0"]
[WhiteElo "1948"]
[BlackElo "1766"]
[PlyCount "61"]
[EventDate "2007.10.21"]
[EventType "team"]
[EventRounds "11"]
[EventCountry "FRA"]
[SourceTitle "EXT 2009"]
[Source "ChessBase"]
[SourceDate "2008.11.26"]
[SourceVersion "1"]
[SourceVersionDate "2008.11.26"]
[SourceQuality "1"]
[WhiteTeam "Monaco"]
[BlackTeam "Tournefeuille"]
[WhiteTeamCountry "FRA"]
[BlackTeamCountry "FRA"]

1. b3 d5 2. Bb2 Nf6 3. e3 c6 4. f4 Nbd7 5. Nf3 e6 6. Be2 Bd6 7. 0-0 0-0 8. c4 Re8 9. Ne5 Bc7 10. Qc2 Qe7 11. d4 c5 12. Nd2 b6 13. Bf3 Bb7 14. Rad1 Rad8 15. Rfe1 Nb8 16. dxc5 bxc5 17. cxd5 exd5 18. Kh1 Nc6 19. Nxc6 Bxc6 20. Nc4 Bxf4 21. Bxf6 gxf6 22. Na5 Ba8 23. Qf5 Qe5 24. Qxf4 Qc3 25. Qc7 d4 26. Bxa8 Rxa8 27. Nc4 dxe3 28. Qg3+ Kf8 29. Rxe3 Qc2 30. Qd6+ Kg8 31. Rg3+ 1-0

[Event "FRA-chT2C 0506"]
[Site "France"]
[Date "2006.01.14"]
[Round "5.9"]
[White "Benmesbah, Natacha"]
[Black "Cwiek, Perrine"]
[Result "1-0"]
[WhiteElo "2145"]
[BlackElo "1730"]
[PlyCount "84"]
[EventDate "2005.10.27"]
[EventType "team"]
[EventRounds "11"]
[EventCountry "FRA"]
[SourceTitle "EXT 2006"]
[Source "ChessBase"]
[SourceDate "2005.11.24"]
[SourceVersion "1"]
[SourceVersionDate "2005.11.24"]
[SourceQuality "1"]

1. e4 e5 2. Bc4 Nf6 3. d4 exd4 4. Nf3 Be7 5. e5 Ne4 6. Qxd4 Nc5 7. 0-0 0-0 8. Nc3 Nc6 9. Qe3 d6 10. Nd5 dxe5 11. Nxe5 Nxe5 12. Qxe5 Bd6 13. Qh5 Ne4 14. Re1 Nf6 15. Nxf6+ Qxf6 16. Bg5 Qd4 17. Bd3 g6 18. Qh6 Bd7 19. c3 Qg7 20. Qh4 h5 21. Rad1 Rfe8 22. Bf6 Qh6 23. Bg5 Qg7 24. Be7 Be6 25. Bxd6 cxd6 26. Bb5 Red8 27. Qe7 b6 28. Rxd6 Rxd6 29. Qxd6 Kh7 30. a4 Qg8 31. Qe7 Qg7 32. h3 Kh6 33. Bc6 Rc8 34. Bb5 Ra8 35. Bd7 Bxd7 36. Qxd7 Kh7 37. Re7 Kg8 38. Qb7 Rd8 39. Qxa7 Qf8 40. Qc7 Rc8 41. Qe5 Ra8 42. f4 Rxa4 1-0

[Event "Pic d'Anie op 2nd"]
[Site "Arette"]
[Date "2005.08.13"]
[Round "7.7"]
[White "Bouhana, Paul Alexandre"]
[Black "Cwiek, Perrine"]
[Result "1/2-1/2"]
[WhiteElo "2009"]
[BlackElo "1780"]
[PlyCount "47"]
[EventDate "2005.08.08"]
[EventType "swiss"]
[EventRounds "7"]
[EventCountry "FRA"]
[SourceTitle "EXT 2007"]
[Source "ChessBase"]
[SourceDate "2006.11.23"]
[SourceVersion "1"]
[SourceVersionDate "2006.11.23"]
[SourceQuality "1"]

1. d4 d5 2. Nf3 c6 3. c3 Bf5 4. Bf4 Nd7 5. e3 Ngf6 6. h3 e6 7. Nh4 Bg6 8. Nxg6 hxg6 9. Bd3 Be7 10. Nd2 0-0 11. e4 c5 12. e5 Nh5 13. Be3 Bg5 14. Qf3 Bxe3 15. Qxe3 g5 16. h4 Nf4 17. Bf1 f6 18. hxg5 fxg5 19. g3 Ng6 20. Bd3 Ne7 21. Qxg5 Nf5 22. Qh5 Nb6 23. g4 Nh6 24. Qg6 1/2-1/2

[Event "FRA-chT2 0405"]
[Site "France"]
[Date "2005.04.02"]
[Round "10.9"]
[White "Cwiek, Perrine"]
[Black "Pernoud, Claire"]
[Result "1-0"]
[WhiteElo "1690"]
[BlackElo "1700"]
[PlyCount "81"]
[EventDate "2004.10.10"]
[EventType "team"]
[EventRounds "11"]
[EventCountry "FRA"]
[SourceTitle "EXT 2006"]
[Source "ChessBase"]
[SourceDate "2005.11.24"]
[SourceVersion "1"]
[SourceVersionDate "2005.11.24"]
[SourceQuality "1"]

1. e4 e5 2. Nf3 d6 3. Bc4 Be7 4. h3 Nf6 5. d3 0-0 6. 0-0 c6 7. Bb3 Nbd7 8. Re1 Qc7 9. Nbd2 b5 10. c3 Nc5 11. Bc2 a5 12. d4 Ncd7 13. Nf1 Re8 14. Ng3 Nf8 15. a4 Ng6 16. Nf5 Bf8 17. axb5 cxb5 18. Bd3 Bd7 19. Bg5 Nh5 20. g3 Ne7 21. N3h4 Nxf5 22. Nxf5 g6 23. Kh2 Ng7 24. Nh6+ Kh8 25. Nxf7+ Kg8 26. Nh6+ Kh8 27. Qf3 Bc6 28. d5 Bd7 29. Qf7 Be7 30. Bxe7 Rxe7 31. Qxe7 Re8 32. Qf7 Nh5 33. Be2 Qd8 34. Bxh5 gxh5 35. Qxh5 Qf6 36. Nf5 Rg8 37. Qf3 Rg5 38. Nh4 Qg7 39. Rxa5 h6 40. Ra8+ Kh7 41. Rf8 1-0

[Event "FRA-chT2 0405"]
[Site "France"]
[Date "2005.01.08"]
[Round "5.9"]
[White "Cwiek, Perrine"]
[Black "Laurens, Julia"]
[Result "0-1"]
[WhiteElo "1690"]
[BlackElo "2024"]
[PlyCount "52"]
[EventDate "2004.10.10"]
[EventType "team"]
[EventRounds "11"]
[EventCountry "FRA"]
[SourceTitle "EXT 2006"]
[Source "ChessBase"]
[SourceDate "2005.11.24"]
[SourceVersion "1"]
[SourceVersionDate "2005.11.24"]
[SourceQuality "1"]
[WhiteTeam "Tournefeuille"]
[BlackTeam "Hyeres"]
[WhiteTeamCountry "FRA"]
[BlackTeamCountry "FRA"]

1. e4 c5 2. Nf3 Nc6 3. d4 cxd4 4. Nxd4 e5 5. Nb5 d6 6. N5c3 a6 7. Na3 b5 8. Nd5 Nf6 9. f3 Nxd5 10. Qxd5 Bd7 11. Be3 Be7 12. Be2 0-0 13. 0-0 Kh8 14. Nb1 Rc8 15. Nc3 f5 16. a3 f4 17. Bf2 Rf6 18. Rad1 Rh6 19. Qd2 Bh4 20. Bd3 Qg5 21. Bxh4 Qxh4 22. h3 Bxh3 23. gxh3 Qxh3 24. b4 Rg6+ 25. Kf2 Qg3+ 26. Ke2 Nd4# 0-1

[Event "FRA-chT2 0405"]
[Site "France"]
[Date "2004.11.06"]
[Round "2.9"]
[White "Verot, Melanie"]
[Black "Cwiek, Perrine"]
[Result "1-0"]
[WhiteElo "2100"]
[BlackElo "1710"]
[PlyCount "83"]
[EventDate "2004.10.10"]
[EventType "team"]
[EventRounds "11"]
[EventCountry "FRA"]
[SourceTitle "EXT 2006"]
[Source "ChessBase"]
[SourceDate "2005.11.24"]
[SourceVersion "1"]
[SourceVersionDate "2005.11.24"]
[SourceQuality "1"]

1. d4 d5 2. c4 c6 3. Nc3 Nf6 4. e3 e6 5. Nf3 Nbd7 6. Bd3 dxc4 7. Bxc4 b5 8. Bd3 a6 9. a4 Bb7 10. Qe2 Be7 11. 0-0 0-0 12. Ne4 Qc7 13. Nxf6+ Nxf6 14. e4 Rfd8 15. Bg5 Qb6 16. e5 Nd5 17. Qe4 g6 18. Qh4 Bxg5 19. Nxg5 h5 20. Rfd1 Rd7 21. Qg3 Kf8 22. Nxe6+ fxe6 23. Bxg6 Rg7 24. Ra3 Qc7 25. Rf3+ Ke7 26. Qh4+ Kd7 27. Qxh5 Qd8 28. Be4 Qe7 29. Bxd5 cxd5 30. axb5 axb5 31. Rc3 Rc8 32. Rxc8 Bxc8 33. Qe2 Qb4 34. h4 Kd8 35. h5 Bd7 36. Qf3 Qe7 37. Ra1 Rh7 38. Ra7 Rf7 39. Qc3 Qg5 40. Qc7+ Ke8 41. Ra8+ Ke7 42. Qd6# 1-0

[Event "Pic d'Anie op 1st"]
[Site "Arette"]
[Date "2004.08.??"]
[Round "3"]
[White "Bouhana, Paul Alexandre"]
[Black "Cwiek, Perrine"]
[Result "1-0"]
[WhiteElo "1960"]
[BlackElo "1750"]
[PlyCount "42"]
[EventDate "2004.08.??"]
[EventType "swiss"]
[EventRounds "7"]
[EventCountry "FRA"]
[SourceTitle "EXT 2007"]
[Source "ChessBase"]
[SourceDate "2006.11.23"]
[SourceVersion "1"]
[SourceVersionDate "2006.11.23"]
[SourceQuality "1"]

1. e4 e5 2. f4 exf4 3. Nf3 Nc6 4. Bc4 d6 5. 0-0 Be6 6. Qe2 Qd7 7. d4 Bg4 8. Rd1 0-0-0 9. Nc3 Nf6 10. b4 Re8 11. d5 Ne5 12. Bb5 c6 13. Ba4 Qc7 14. Bxf4 Qb6+ 15. Be3 Qxb4 16. dxc6 Nxc6 17. Bxc6 bxc6 18. Qa6+ Qb7 19. Qa4 d5 20. Rab1 Qc7 21. Bxa7 Kd8 1-0